Manuale Di Storia Della Folosofia Antico medio evo quinta edizione riveduta

সংরক্ষণ করুন:
গ্রন্থ-পঞ্জীর বিবরন
প্রধান লেখক: Michele Federico Sciacca
বিন্যাস: গ্রন্থ
ভাষা:অজানা বা ভুল ভাষা
প্রকাশিত: Perrella
ট্যাগগুলো: ট্যাগ যুক্ত করুন
কোনো ট্যাগ নেই, প্রথমজন হিসাবে ট্যাগ করুন!

MARC

LEADER 00000nam a2200000Ia 4500
001 R-1417
003 CODICE-MESSINA
005 20260212102507.0
008 260211s9999 xx 000 0 und d
040 |c importazione_messina 
100 |a Michele Federico Sciacca 
245 0 |a Manuale Di Storia Della Folosofia 
245 0 |b Antico medio evo quinta edizione riveduta 
260 |b Perrella 
942 |2 ddc  |c BK 
952 |0 0  |1 0  |2 ddc  |4 0  |6 SCAFFALE_13_000000000000000__LETTERATURA  |7 0  |9 32253  |a ME  |b ME  |d 2026-02-11  |l 0  |o SCAFFALE 13 - LETTERATURA  |p R-1417  |r 2026-02-11 23:53:04  |w 2026-02-11  |x [REVISIONARE]  |y BK 
999 |c 27920  |d 27920